000 00863nam a22002897a 4500
001 BR0305459
003 BR-BrBNA
005 20230928101432.0
007 ta
008 230509b bl.||||| |||| 00| 0 por d
040 _aBR-BrBNA
_bpor
_cBiblioteca Nacional de Agricultura
041 _a(Por)
072 _aE50
090 _ E50 BR0305459
100 1 _aMedeiros, R.M.
110 1 _aUniversidade Federal de Lavras, MG (Brasil)
_0Tese (Mestrado)
245 1 _aMulher, terra e trabalho: trajetórias femininas na agricultura familiar mineira nos anos 1990
260 3 _aLavras, MG (Brasil):
_c2001.
300 _a112 p.
500 _aSummaries (Eng, Por); Bibliography P. 100-105
650 _aAGRICULTURA FAMILIAR
650 _aMULHER RURAL
650 _aTRABALHO
650 _aMINAS GERAIS
909 _a202309
_bLucia
_c55
_dLucia Elande
942 _cBK
999 _c65814
_d65814